| 000 | 00354nam a2200145Ia 4500 | ||
|---|---|---|---|
| 008 | 220120s9999||||xx |||||||||||||| ||und|| | ||
| 020 | _a9788125927914 | ||
| 082 | _a620.3 RAO | ||
| 100 | _aRao, Singiresu S | ||
| 245 | 0 | _aMechanical Vibrations | |
| 250 | _a4th | ||
| 260 |
_aPearson _bNoida _c2008 |
||
| 300 |
_aXIII, 406p. _b300 |
||
| 650 | _aMECHANICAL | ||
| 999 |
_c132716 _d132716 |
||